Normal view MARC view

Entry Corporate Name

Number of records used in: 2

001 - CONTROL NUMBER

  • control field: 19746

003 - CONTROL NUMBER IDENTIFIER

  • control field: HDC

005 - DATE AND TIME OF LATEST TRANSACTION

  • control field: 20230624073550.0

008 - FIXED-LENGTH DATA ELEMENTS

  • fixed length control field: 210316|| aca||aabn | a|a d

040 ## - CATALOGING SOURCE

  • Original cataloging agency: HDC
  • Transcribing agency: HDC

110 ## - HEADING--CORPORATE NAME

  • Corporate name or jurisdiction name as entry element: TV Sarawak

670 ## - SOURCE DATA FOUND

  • Source citation: Work cat.: (HDC): Produk Penjagaan Kulit Halal Pertama Jepun dilancarkan di Malaysia
Halal Development Corporation Berhad (HDC)
5.02 Level 5, KPMG Tower, First Avenue, Persiaran Bandar Utama, 47800 Petaling Jaya, Selangor Darul Ehsan
Phone: +603 7965 5489 Email: [email protected]